| 000 | 00497nam 22001813 4500 | ||
|---|---|---|---|
| 001 | 202043 | ||
| 021 | _b26333/89 | ||
| 090 | _a202043 | ||
| 100 | _a20260505d u||y0pory50 ba | ||
| 200 |
_aBranca de Neve Rosa de Sangue _fEd McBain |
||
| 210 |
_aLisboa _cEdições 70 _d1989 |
||
| 215 |
_a237 p. _cbrochado _d23 cm |
||
| 606 |
_916 _aLiteratura Americana |
||
| 675 |
_a821.111(73)-3 _vPT _zpor |
||
| 700 |
_9649 _aMcBain _bEd _f1926-2005 |
||
| 801 |
_aPT _bBMMN _gRPC |
||
| 830 |
_cFernando _fFernando |
||
| 990 | _cLIVROS | ||